000 00578nam a2200181Ia 4500
005 20250507130240.0
008 008 250505s9999 xx 000 0 eng d
037 _aSeries Article
040 _aEASL
_beng
_cEASL
041 _aeng
_2eng
084 _qEASL
100 _aKennedy Jojn James
_9669087
245 0 _aFrom the Tax-For-free reform to the abolition of agriculture taxes: The impact on township government in North-West China
260 _aUK
_bUK Cambridge Univesity Press UK
_c2007
650 _aChina
942 _cSRA
999 _c1318561
_d1318561